Central Library OPAC University of Rajshahi

D.H. Lawrence, The rainbow and Women in love : (Record no. 21362)

MARC details
000 -LEADER
fixed length control field 01040cam a2200325 a 4500
001 - CONTROL NUMBER
control field 21362
003 - CONTROL NUMBER IDENTIFIER
rucl marc code BD-RjUL
005 - DATE AND TIME OF LATEST TRANSACTION
control field 20211209000657.0
008 - FIXED-LENGTH DATA ELEMENTS--GENERAL INFORMATION
fixed length control field 140303r19941969enk b 001 1 eng
020 ## - INTERNATIONAL STANDARD BOOK NUMBER
International Standard Book Number 0333012100
Canceled/invalid ISBN 0333149291
International Standard Book Number 0333049292
035 ## - SYSTEM CONTROL NUMBER
System control number (BD-RjUL)21426
System control number (OCoLC)559601975
040 ## - CATALOGING SOURCE
Original cataloging agency DLC
Transcribing agency DLC
Modifying agency m.c
-- EQO
-- BD-RjUL
Language of cataloging eng
041 ## - LANGUAGE CODE
Language code of text/sound track or separate title eng
082 ## - DEWEY DECIMAL CLASSIFICATION NUMBER
Classification number 823.912
Author mark and year DHL 1994
245 00 - TITLE STATEMENT
Title D.H. Lawrence, The rainbow and Women in love :
Remainder of title a casebook /
Statement of responsibility, etc. edited by Colin Clarke.
246 3# - VARYING FORM OF TITLE
Title proper/short title Rainbow and Women in love: a casebook
260 ## - PUBLICATION, DISTRIBUTION, ETC. (IMPRINT)
Place of publication, distribution, etc. London :
Name of publisher, distributor, etc. Macmillan,
Date of publication, distribution, etc. c1969 [Reprinted 1994].
300 ## - PHYSICAL DESCRIPTION
Pagination 243 p. ;
Size 21 cm
504 ## - BIBLIOGRAPHY, ETC. NOTE
Bibliography, etc Bibliography: p. [235]-236, and index.
600 10 - SUBJECT ADDED ENTRY--PERSONAL NAME
Personal name Lawrence, D. H.
Fuller form of name (David Herbert),
Dates associated with a name 1885-1930.
Personal name Lawrence, D. H.
Fuller form of name (David Herbert),
Dates associated with a name 1885-1930.
700 1# - ADDED ENTRY--PERSONAL NAME
Personal name Clarke, Colin
Fuller form of name (Colin C.)
830 #0 - SERIES ADDED ENTRY--UNIFORM TITLE
Uniform title Casebook series
942 ## - ADDED ENTRY ELEMENTS (KOHA)
Source of classification or shelving scheme Dewey Decimal Classification
Koha item type Books
Holdings
Lost status Source of classification or shelving scheme Damaged status Not for loan Permanent Location Current Location Shelving location Date acquired Source of acquisition Cost, normal purchase price Total Checkouts Full call number Date last seen Copy number Koha item type Collection code
  Dewey Decimal Classification     Central Library, University of Rajshahi Central Library, University of Rajshahi   20/03/1997 Imperial Book 250.00   823.912 DHL 1994 04/03/2014 C-5 Books  
  Dewey Decimal Classification     Central Library, University of Rajshahi Central Library, University of Rajshahi Reading Room 02/06/2024 Imperial Book 250.00   823.912 DHL 1994 02/06/2024 C-1 Books Fiction
  Dewey Decimal Classification     Central Library, University of Rajshahi Central Library, University of Rajshahi General Stacks 05/02/2025       823.912 DHL 1994 05/02/2025 C-2 Books Fiction